<The> State as an Engine of Inclusive Sustainable Economic Growth and Development

Analýza rozhodujúcich úloh štátu pri podpore inkluzívneho udržateľného hospodárskeho rastu a rozvoja. Pre rozvoj je nevyhnutné vytvoriť ideálne prostredie pre investovanie a prosperitu súkromného domáceho a medzinárodného sektora. Súkromný sektor verzus verejný sektor v inkluzívnom udržateľnom hospo...

Ausführliche Beschreibung

Gespeichert in:
Bibliographische Detailangaben
1. Verfasser: Acquah-Sam, Emmanuel
Format: Buchkapitel
Sprache:Englisch
Schlagworte:
Tags: Tag hinzufügen
Keine Tags, Fügen Sie das erste Tag hinzu!

MARC

LEADER 00000naa a2200000 4500
001 0268513
005 20200921110255.6
041 0 |a eng 
044 |a PT 
245 1 0 |a <The> State as an Engine of Inclusive Sustainable Economic Growth and Development  |c Emmanuel Acquah-Sam 
520 |a Analýza rozhodujúcich úloh štátu pri podpore inkluzívneho udržateľného hospodárskeho rastu a rozvoja. Pre rozvoj je nevyhnutné vytvoriť ideálne prostredie pre investovanie a prosperitu súkromného domáceho a medzinárodného sektora. Súkromný sektor verzus verejný sektor v inkluzívnom udržateľnom hospodárskom raste a rozvoji. Objasnenie, ktorý konkrétny sektor hospodárstva má kľúč k inkluzívnemu udržateľnému rozvoju. 
610 2 0 |a rozvoj hospodársky 
610 2 0 |a rozvoj trvalo udržateľný 
610 2 0 |a sektor súkromný 
610 2 0 |a sektor verejný 
610 2 0 |a vláda 
610 2 0 |a štát 
610 2 0 |a rast hospodársky 
610 2 0 |a situácia hospodárska 
100 1 |a Acquah-Sam, Emmanuel